000 00730nam a22002537a 4500
001 42908
003 UA-OsUOA
005 20200421114639.0
007 ta
008 20061128b un ||||| |||| 00| 0 ukr d
020 _a966-608-532-1
040 _aUA-OsUOA
_bukr
_cUA-OsUOA
_dUA-OsUOA
041 _aukr
080 _a32:159.9
090 _a32:159.9
_bС32
100 _aСергієнко Н. О.
245 _aПсихологічні прийоми в політиці
_bНавчальний посібник
260 _aК.
_bМАУП
_c2006
300 _a112 с.
650 7 _a32 Політика
_2UDC
942 _cBK
_2udc
955 _a2
999 _c329039
_d329039